[Event "British Universities-ch"]
[Site "Chess.com INT"]
[Date "2022.03.05"]
[Round "1.1"]
[White "Movileanu, Daniela"]
[Black "Wallace, Owen"]
[Result "1-0"]
[WhiteElo "2176"]
[BlackElo "1367"]
[PlyCount "37"]
[EventDate "2022.03.05"]
[EventType "swiss"]
[EventRounds "9"]
[EventCountry "ENG"]
[SourceTitle "EXT 2023"]
[Source "ChessBase"]
[SourceDate "2022.10.05"]
[SourceVersion "1"]
[SourceVersionDate "2022.10.05"]
[SourceQuality "1"]
[WhiteTeam "LSE"]
[BlackTeam "Swansea"]
[WhiteTeamCountry "ENG"]
[BlackTeamCountry "WLS"]

1. e4 e5 2. Nf3 Nc6 3. d4 exd4 4. Bc4 Nf6 5. 0-0 Bd6 6. e5 Nxe5 7. Re1 Qe7 8. Nxe5 Bxe5 9. f4 0-0 10. fxe5 Qc5 11. Bd3 Nd5 12. Qh5 g6 13. Qh6 Re8 14. Nd2 d6 15. Ne4 Qa5 16. Bd2 Qb6 17. Nf6+ Nxf6 18. exf6 Rxe1+ 19. Rxe1 1-0

[Event "British Universities-ch"]
[Site "Chess.com INT"]
[Date "2022.03.05"]
[Round "8.1"]
[White "Wallace, Owen"]
[Black "Danopoulos, Spyridon"]
[Result "0-1"]
[WhiteElo "1367"]
[BlackElo "1375"]
[PlyCount "68"]
[EventDate "2022.03.05"]
[EventType "swiss"]
[EventRounds "9"]
[EventCountry "ENG"]
[SourceTitle "EXT 2023"]
[Source "ChessBase"]
[SourceDate "2022.10.05"]
[SourceVersion "1"]
[SourceVersionDate "2022.10.05"]
[SourceQuality "1"]
[WhiteTeam "Swansea"]
[BlackTeam "Southampton"]
[WhiteTeamCountry "WLS"]
[BlackTeamCountry "ENG"]

1. d4 c5 2. Bf4 cxd4 3. Qxd4 Nc6 4. Qd1 e5 5. Bg3 d5 6. e3 Nf6 7. Bb5 Bd6 8. Nc3 Be6 9. Nf3 e4 10. Nd4 Rc8 11. Bxd6 Qxd6 12. Nxe6 fxe6 13. h3 0-0 14. 0-0 a6 15. Be2 b5 16. Qd2 Ne5 17. Rfd1 Nc4 18. Qc1 Rc6 19. b3 Ne5 20. Qb2 Rfc8 21. Nb1 Rxc2 22. Qd4 Rxe2 23. Na3 b4 24. Kf1 Rxf2+ 25. Kxf2 bxa3 26. Kg1 Nd3 27. Rf1 Rc2 28. Qa7 Qg3 29. Qa8+ Kf7 30. Rxf6+ Kxf6 31. Rf1+ Kg6 32. Qe8+ Kh6 33. Qxe6+ g6 34. Qg4 Rxg2+ 0-1